Statistics for Cities in United States With A Twist

Click here to take the quiz!

General Stats

  • This quiz has been taken 58 times
  • The average score is 16 of 21

Answer Stats

StateFirst LetterLast LetterAnswer% Correct
WASESeattle
98%
ORPDPortland
96%
TXHNHouston
94%
HIHUHonolulu
92%
MILGLansing
92%
AZPXPhoenix
92%
CALSLos Angeles
90%
NJTNTrenton
90%
ILCOChicago
88%
ALMYMontgomery
88%
NDBKBismarck
85%
IDBEBoise
85%
KSTATopeka
81%
OKTATulsa
79%
SDPEPierre
77%
WASESpokane
73%
MTBSBillings
69%
WYCRCasper
58%
NCAEAsheville
46%
FLFSFort Myers
38%
AKSASitka
31%

Score Distribution

Percentile by Number Answered

Percent of People with Each Score

Your Score History

You have not taken this quiz